|
|
|
|
| LEADER |
00000nsc a2200000 a 4500 |
| 001 |
58575 |
| 005 |
20230308215913.0 |
| 008 |
000000|1965 ||||||||r|||||||||||spa|| |
| 040 |
|
|
|b spa
|
| 041 |
1 |
|
|a spa
|
| 082 |
0 |
|
|a 551.5
|
| 100 |
1 |
|
|a Duval, Clément
|9 64270
|
| 245 |
|
|
|a El Aire
|c Clément Duval
|h imp
|
| 264 |
|
|
|a Buenos Aires
|b EUDEBA
|c 1965
|
| 300 |
|
|
|a 115 páginas:
|b ilu
|c 19 cm
|
| 490 |
|
|
|a Cuadernos de EUDEBA
|n no. 130
|
| 650 |
|
|
|a Aire
|9 14487
|
| 650 |
|
|
|a Aire liquido
|9 64271
|
| 650 |
|
|
|a Aire solido
|9 64272
|
| 852 |
|
|
|a UC-CDJBV
|c ESTANTERIA CERRADA
|f Compra
|k guillermina.martinez
|l 1
|m General
|p 00000000
|r 2
|t 58575
|b 0
|d CDRC
|e CDRC
|g 551.5 ESTANTERIA CERRADA
|z 0000-00-00
|
| 942 |
|
|
|
| 999 |
|
|
|c 132326
|d 132326
|